Stany USA - powierzchnia - Statystyki

Ogólne statystyki
  • Ten quiz został rozwiązany 50 razy
  • Średni wynik to 14 z 50
Statystyki odpowiedzi
Powierzchnia Stan % Poprawnych
1 717 854 Alaska
100%
695 621 Teksas
100%
423 970 Kalifornia
88%
380 838 Montana
77%
4 002 Rhode Island
62%
293 254 Arizona
54%
314 917 Nowy Meksyk
54%
6 447 Delaware
50%
269 601 Kolorado
46%
286 351 Nevada
46%
254 805 Oregon
46%
14 357 Connecticut
42%
24 901 Vermont
42%
28 311 Hawaje
38%
253 336 Wyoming
38%
91 646 Maine
35%
24 216 New Hampshire
35%
219 887 Utah
35%
27 336 Massachusetts
31%
22 588 New Jersey
31%
32 133 Maryland
27%
225 171 Minnesota
27%
213 096 Kansas
23%
216 446 Idaho
19%
250 494 Michigan
19%
116 096 Ohio
19%
184 665 Waszyngton
19%
170 304 Floryda
15%
200 345 Nebraska
15%
141 299 Nowy Jork
15%
181 035 Oklahoma
15%
183 112 Dakota Północna
12%
153 909 Georgia
12%
149 998 Illinois
12%
94 321 Indiana
12%
135 765 Alabama
8%
137 732 Arkansas
8%
199 731 Dakota Południowa
8%
145 743 Iowa
8%
139 389 Karolina Północna
8%
82 932 Karolina Południowa
8%
125 434 Missisipi
8%
180 533 Missouri
8%
119 283 Pensylwania
8%
110 785 Wirginia
8%
62 755 Wirginia Zachodnia
8%
169 639 Wisconsin
8%
104 659 Kentucky
4%
134 264 Luizjana
4%
109 151 Tenessee
4%
Nie znaleziono quizów pasujących do podanych kryteriów
Rozkład punktacji
Procent ludzi z każdym wynikiem
Percentyl według liczby udzielonych odpowiedzi
Twoja historia wyników
Nie rozwiązałeś tego quizu